Datum a čas kvízu
33.5
Celkem bodů
Celkový počet nahraných bodů na tomto kvízu bez doplňovacích otázek.
3.
Pořadí na kvízu
Konečné umístění týmu na tomto kvízu.
Zaznamenané odpovědi
| # | Otázka | Odpověď | Body | Výsledky |
|---|---|---|---|---|
| 1. | V pondělí odhalil český prezid... | C) ze skla | 0 | |
| 2. | Který bývalý evropský preziden... | Nicolas Sarkozy | 0 | |
| 3. | Do televizní reality show Love... | o Daru Rolins | 0 | |
| 4. | Do Česka přichází nový módní ř... | z Japonska | 1 | |
| 5. | Jak se jmenuje nový držitel pr... | Ousmane Dembélé | 1 | |
| 6. | Gesto, které vidíme na obrázku... | 1D 2A 3C 4B | 1 | |
| 7. | Které z uvedených gest má na B... | B | 1 | |
| 8. | Sheldon Cooper v Teorii velkéh... | Spocka a tapíra (ještěra) | 1 | |
| 9. | Která dvě písmena české dvouru... | B, N | 1 | |
| 10. | Na výřezu z obrazu francouzské... | paroháč (že je mu žena nevěrná) | 0 |